Commentary on the First Epistle of Paul to the Corinthians /
Saved in:
| Main Author: | |
|---|---|
| Format: | Book |
| Language: | English |
| Published: |
Chicago, Ill. (7609 W. Belmont Ave., Chicago 60635) :
Berean Bible Society,
c1988.
|
| Subjects: | |
| Tags: |
Add Tag
No Tags, Be the first to tag this record!
|
| LEADER | 00849nam a2200253 a 4500 | ||
|---|---|---|---|
| 001 | 001982931-0 | ||
| 005 | 20020606093309.7 | ||
| 008 | 891113s1988 ilu 00010 eng | ||
| 010 | |a 89123173 | ||
| 035 | 0 | |a ocm20798387 | |
| 040 | |a DLC |c DLC |d BHA | ||
| 050 | 0 | 0 | |a BS2675.3 |b .S7 1988 |
| 082 | 0 | 0 | |a 227/.2077 |2 20 |
| 100 | 1 | |a Stam, Cornelius Richard, |d 1908- | |
| 245 | 1 | 0 | |a Commentary on the First Epistle of Paul to the Corinthians / |c by Cornelius R. Stam. |
| 246 | 3 | |a Commentary on the 1st Epistle of Paul to the Corinthians. | |
| 246 | 3 | |a 1 Corinthians. | |
| 246 | 3 | |a 1st Corinthians. | |
| 260 | 0 | |a Chicago, Ill. (7609 W. Belmont Ave., Chicago 60635) : |b Berean Bible Society, |c c1988. | |
| 300 | |a 297 p. ; |c 20 cm. | ||
| 500 | |a Spine title: 1 Corinthians. | ||
| 630 | 0 | 0 | |a Bible. |p Corinthians, 1st |x Commentaries. |
| 988 | |a 20020608 | ||
| 906 | |0 DLC | ||


